Southville International School and Colleges
Your cart is empty.
  • Cart
  • Lists
    Public lists list_1 View all
    Your lists Log in to create your own lists
  • Log in to your account
  • Your cookies
  • Search history
Southville International School and Colleges
  • Advanced search
  • Recent comments
  • Most popular
  • Libraries

Log in to your account

Log in with GOOGLE


If you do not have an external account, but do have a local account, you can still log in:

  1. Home
  2. MARC view: Discover science /
Normal view MARC view ISBD view

Discover science / (Record no. 112924)

[ view plain ]
MARC details
000 -LEADER
fixed length control field 00475nam a2200169 a 4500
001 - CONTROL NUMBER
control field 1107
005 - DATE AND TIME OF LATEST TRANSACTION
control field 20140414131956.0
008 - FIXED-LENGTH DATA ELEMENTS--GENERAL INFORMATION
fixed length control field 041020s19uu xx 00 eng d
020 ## - INTERNATIONAL STANDARD BOOK NUMBER
International Standard Book Number 0-673-42061-2
050 ## - LIBRARY OF CONGRESS CALL NUMBER
Classification number TR 372.3
Item number C66 1989
100 ## - MAIN ENTRY--PERSONAL NAME
Personal name Cohen, Michael R.
245 ## - TITLE STATEMENT
Title Discover science /
Statement of responsibility, etc by Dr. Michael R. Cohen.
260 ## - PUBLICATION, DISTRIBUTION, ETC. (IMPRINT)
Place of publication, distribution, etc Glenview, Illinois :
Name of publisher, distributor, etc Scott, Foresman,
Date of publication, distribution, etc 1989.
300 ## - PHYSICAL DESCRIPTION
Extent 244 p. ; cm.
650 ## - SUBJECT ADDED ENTRY--TOPICAL TERM
Topical term or geographic name as entry element Science
General subdivision Study and teaching.
Holdings
Withdrawn status Lost status Damaged status Use restrictions Home library Current library Shelving location Date acquired Source of acquisition Total Checkouts Full call number Barcode Date last seen Price effective from Koha item type
        Munich Library Munich Library Teachers Reference Section 10/20/2004     TR 372.3 C66 1989 M4344 04/14/2014 04/14/2014 Books

Discover science /

APA

Cohen M. R., . (1989). Discover science. Glenview, Illinois: Scott, Foresman.

Chicago

Cohen Michael R, . 1989. Discover science. Glenview, Illinois: Scott, Foresman.

Harvard

Cohen M. R., . (1989). Discover science. Glenview, Illinois: Scott, Foresman.

MLA

Cohen Michael R, . Discover science. Glenview, Illinois: Scott, Foresman. 1989.

  • Place hold
  • Print
  • Cite
  • Add to your cart (remove)
  • Save record
    BIBTEX Dublin Core MARCXML MARC (non-Unicode/MARC-8) MARC (Unicode/UTF-8) MARC (Unicode/UTF-8, Standard) MODS (XML) RIS
  • More searches
    Search for this title in:
    Other Libraries (WorldCat) Other Databases (Google Scholar) Online Stores (Bookfinder.com) Open Library (openlibrary.org)

Exporting to Dublin Core...

SOUTHVILLE LIBRARY

Southville International School and Colleges Library

1281 Tropical Ave. Cor. Luxembourg St., BF Homes International, Las Pinas City

Tel. No. 8256374 / 252358 Loc. 117/146

Powered by Koha